[Event "EU-ch 8th"]
[Site "Dresden"]
[Date "2007.04.13"]
[Round "10"]
[White "Meier, Georg"]
[Black "Kempinski, Robert"]
[Result "1-0"]
[WhiteElo "2484"]
[BlackElo "2579"]
[Annotator "Meier,Georg"]
[PlyCount "63"]
[EventDate "2007.04.03"]
[EventType "swiss"]
[EventRounds "11"]
[EventCountry "GER"]
[SourceTitle "CBM 118"]
[Source "ChessBase"]
[SourceDate "2007.05.31"]
[SourceVersion "1"]
[SourceVersionDate "2007.05.31"]
[SourceQuality "1"]

1. e4 c5 2. Nf3 e6 3. d4 cxd4 4. Nxd4 a6 5. Bd3 Qc7 6. O-O Nf6 7. Qe2 d6 8. c4
Nbd7 9. Nc3 $6 (9. f4 $142 Be7 (9... g6) (9... b6)) 9... Ne5 {This is
different to the usual move order. Black secures for himself the bishop pair
and would be better off if he could complete his development.   Das ist der
Unterschied zur üblichen Zugreihenfolge. Schwarz sichert sich das Läuferpaar
und würde besser stehen, wenn er auch noch die Entwicklung beendet.} 10. Nf3 $5
{Relying on his advance in development White begins an attack on the d6-pawn.
Auf den Entwicklungsvorsprung gestützt leitet Weiß einen direkten Angriff
gegen d6 ein.} (10. f4 Qb6 $5 11. Be3 Nxd3 12. Qxd3 Ng4 13. b3 Nxe3 14. Qxe3
Be7 {just gives Black chances of an advantage. gibt nur Schwarz Chancen auf
einen Vorteil.}) 10... Nxd3 11. Qxd3 Be7 12. Bf4 O-O 13. Rfd1 Rd8 (13... e5 14.
Bg5 $14 {x d5}) 14. e5 $1 {White must open the position at once to exploit his
lead in development. Weiß muss sofort die Stellung öffnen, um seinen
Entwicklungsvorsprung zu nutzen.} (14. b4 b6 15. Rac1 {is a blow into thin air
because after läuft ins Leere, denn nach} Bb7 {then scheitert} 16. c5 $2 bxc5
17. bxc5 {fails to an} Qxc5 18. Nd5 Nxd5 19. Rxc5 Nxf4) 14... dxe5 (14... Nh5
$2 15. Bg5 dxe5 $4 16. Qxd8+ Bxd8 17. Rxd8+ $18) 15. Bxe5 Rxd3 (15... Qa5 $2
16. Qxd8+ Qxd8 (16... Bxd8 $2 17. b4 $18) 17. Rxd8+ Bxd8 18. Rd1 $14) 16. Bxc7
Rxd1+ 17. Rxd1 {White's lead in development can be neutralised with accurate
play, because the d-file brings him no dividends and the black position has no
weaknesses. Weiß hat Entwicklungsvorsprung, der sich mit genauem Spiel
neutralisieren lässt, denn die d-linie bringt keine Dividenden und die
schwarze Stellung ist ohne Schwächen.} Bd7 18. Ne5 Be8 (18... Rc8 $142 19. Bd6
Kf8 $11) 19. Bd6 Bxd6 $2 {The allows the white rook to assume a dominating
position. Das erlaubt dem weißen Turm eine dominierende Stellung einzunehmen.}
({Nothing is more natural than bringing the king into the centre... Nichts ist
natürlicher als den König zum Zentrum zu führen...} 19... Kf8 $142) 20. Rxd6
Rc8 21. Rb6 $14 {[%csl Ra6,Gb6,Rb7,Ge5,Ye8] The rook can no longer be driven
off. Black's main problem is now the passive position of his bishop. Black can
hardly work up any counterplay. Der Turm ist nun nicht mehr zu vertreiben. Das
schwarze Hauptproblem ist jetzt die passive Stellung seines Läufers. Schwarz
kann kaum Gegenspiel entwickeln.} Rc7 (21... Rc5 $5 {provokes f4, after which
the bishop on c6 has better prospects. provoziert f4, wonach der Läufer auf c6
bessere Perspektiven besitzt.} 22. f4 Rc7) 22. b4 $2 {A tactical error, which
Black could now have exploited since the Nc3 is unsupported and since I have
not yer created an airhole. Ein taktischer Fehler, denn nun hätte Schwarz
ausnutzen können, dass der Nc3 ohne Halt ist und ich noch kein Luftloch
geschaffen habe.} (22. f3 $142 $14) 22... Kf8 $2 {Black misses his chance to
seize the initiative. Schwarz geht an seiner Chance vorbei, die Initiative zu
übernehmen.} (22... Ng4 $1 {[%csl Rc3,Rc4,Rg1][%cal Gc7c1]} 23. Nxg4 Rxc4 {
[%csl Rc3,Rg4]} 24. Nd1 Rxg4 25. Ne3 (25. Rxb7 $2 Rxg2+ 26. Kxg2 Bc6+) 25...
Rd4 26. Rxb7 Rd2 $15) 23. f3 Ke7 24. Kf2 Nd7 25. Nxd7 Bxd7 26. c5 $16 Bc6 $2 {
On this diagonal the bishop is simply biting on granite and White also wins a
tempo after a4 and b5. Auf dieser Diagonale beißt der Läufer nur auf Granit
und Weiß gewinnt noch ein Tempo nach a4-b5.} ({Nor does Black have any
counterplay after the alternatives; but at least he should advance his
kingside pawns. Auch nach den Alternativen bleibt Schwarz ohne Gegenspiel,
sollte aber wenigstens die Bauern am Königsflügel vorschieben.} 26... f6) (
26... a5) 27. Ke3 Kf6 $2 {This decision is hard to understand. The best thing
would be to order the king back at once. In front of its own pawns it simply
becomes a target. Diese Entscheidung ist schwer zu verstehen. Am besten wäre
es, den König gleich wieder zurückzubeordern. Vor seinen eigenen Bauern wird
er nun zur Zielscheibe.} (27... f6 28. a4 Be8 $5 29. Kd3 $1 (29. b5 $2 {
The exchange of pawns would suit Black, since a potential weakness disappears
and the c5-pawn becomes weak. Der Bauerntausch käme Schwarz entgegen, da eine
potentielle Schwäche verschwindet und der c5 schwach wird.} axb5 30. axb5 Bg6 (
30... Rxc5 31. Rxb7+ Bd7 32. Kd4 $16) 31. Kd4 Rd7+ 32. Kc4 Bd3+ 33. Kb4 Bf1 34.
g3 e5 35. c6 bxc6 36. bxc6 Rd4+ 37. Ka5 Rc4 $132) 29... Rd7+ 30. Kc4 Bg6 31.
Ne4 Bxe4 32. fxe4 h5 33. a5 $16) 28. a4 Kf5 29. b5 $18 axb5 30. axb5 Bd7 31.
Ne4 Ke5 32. f4+ (32. f4+ Kf5 (32... Kd5 33. Rd6+ Kc4 34. b6 $18) 33. Nd6+ Kf6
34. Nxb7 $18) 1-0

[Event "EU-chT (Men) 21st"]
[Site "Heraklion"]
[Date "2017.11.04"]
[Round "7.3"]
[White "Naiditsch, Arkadij"]
[Black "Rapport, Richard"]
[Result "1-0"]
[WhiteElo "2702"]
[BlackElo "2686"]
[Annotator "Mekhitarian,K"]
[PlyCount "81"]
[EventDate "2017.10.28"]
[EventType "team-swiss"]
[EventRounds "9"]
[EventCountry "GRE"]
[SourceTitle "CBM 182"]
[Source "ChessBase"]
[SourceDate "2018.01.17"]
[SourceVersion "1"]
[SourceVersionDate "2018.01.17"]
[SourceQuality "1"]
[WhiteTeam "Azerbaijan"]
[BlackTeam "Hungary"]
[WhiteTeamCountry "AZE"]
[BlackTeamCountry "HUN"]

1. e4 c5 2. Nf3 e6 3. d4 cxd4 4. Nxd4 a6 {The Kan Variation of the Sicilian is
one of the most flexible ways to fight 1.e4 - it has a somewhat passive
reputation, but leads to many positional struggles, where White has a lot of
freedom, but it is far from easy to guarantee any advantage.} 5. Bd3 g6 $5 {
Not a surprise, coming from a very creative and independent player like
Rapport. Black wants to develop originally in this standard Sicilian.} (5...
Ne7 $5 {is another one of the 'original' moves here, trying to play ...Nbc6
and take the knight back with the knight} 6. O-O Nbc6 7. Nb3 {there was a
recent precedent where Black soon found himself in trouble:} Ng6 (7... g6 $5 {
playing in similar fashion compared to our main game, now with the white
knight already on b3} 8. c4 (8. f4 {played against Rapport himself} d5 9. e5 g5
$5 {this is extremely creative, and somehow consistent, even with the king on
e8 and the white rook on f1} 10. Qh5 gxf4 11. Bxf4 Ng6 12. Bxg6 fxg6 13. Qe2
Bg7 14. Bg3 Ne7 $1 {and Black is even more comfortable already} 15. N1d2 Nf5
16. Bf2 O-O $15 {1/2-1/2 (43) Predke,A (2548)-Rapport,R (2671) Abu Dhabi 2015})
8... Bg7 9. Nc3 O-O 10. Bg5 h6 11. Bh4 g5 12. Bg3 Ne5 $13 {0-1 (37) Geller,J 
(2488)-Grachev,B (2628) Moscow 2016, estabilishing a strong knight on e5,
Black is doing fine. Naturally White may play f4 now to play with the
initiative, but either way there is a consistent strategic imbalance in the
position, with chances for both sides.}) 8. a4 b6 9. f4 Be7 10. Be3 d6 11. c3
O-O 12. N1d2 {a very interesting development - most of the time the knight is
somewhat misplaced in the Sicilian Defence (and that's why normally Black has
such strong counterplay on the c-file as well)} Bb7 13. Qf3 e5 14. f5 Nf4 15.
Bc2 d5 16. Bxf4 exf4 17. exd5 Ne5 18. Qxf4 Re8 19. Ne4 Qxd5 20. f6 $18 {
1-0 (26) Hansen,E (2603)-Smirin,I (2667) Wijk aan Zee 2017}) 6. Nd2 $5 (6. Nc3
{is a recent attempt. White played in a more classical way, simply developing
his pieces} Bg7 7. Be3 Ne7 8. Qd2 d5 9. exd5 Nxd5 10. Nxd5 Qxd5 11. c4 Qe5 (
11... Qd7 $5 12. Nb3 Nc6 13. O-O-O O-O 14. Be2 Qxd2+ 15. Rxd2 f5 16. f4 e5 $11
{0-1 (49) Cubas,J (2384)-Panno,O (2474) Vicente Lopez 2004, and Black is doing
fine.}) 12. O-O-O O-O 13. h4 b5 $1 14. Nf3 Qc7 15. Bh6 Bxh6 $6 (15... bxc4 $1 {
looked suicidal, but Black can hold} 16. Bxg7 cxd3+ 17. Bc3 Nc6 {somehow Black
survives} 18. h5 Nb4 $1 19. Kb1 Nd5 $13) 16. Qxh6 bxc4 $2 (16... f6 $1 {
was forced} 17. Kb1 $40) 17. Be4 Ra7 18. h5 c3 19. hxg6 $6 (19. b4 $3 $18)
19... cxb2+ 20. Kb1 $1 fxg6 21. Bxg6 Qg7 22. Be4 Qxh6 23. Rxh6 $14 {1-0 (31)
Oparin,G (2621)-Kamsky,G (2648) Novi Sad 2016}) 6... Bg7 7. N2f3 d6 8. O-O Nd7
9. b3 Ne7 $5 {Maybe too creative? Ngf6 was good enough I think.} (9... Ngf6 {
looked very decent for Black after ...0-0, ...Nc5, ...Qc7 and ...b6 (here ...
b5 wouldn't make much sense because there is no white knight on c3 to attack)}
10. Ba3 Qc7 11. c4 O-O 12. b4 b6 13. Rc1 Bb7 $11 {achieving a Maroczy-like
position where the bishop on g7 is well placed.}) 10. Ba3 Qc7 11. Qd2 O-O 12.
Rad1 Nc5 13. c4 e5 $5 14. Ne2 Bg4 $1 15. Ne1 (15. Bb1 $5 Rad8 (15... Bxf3 16.
gxf3 Rad8 17. f4 $36 {looks promising for White}) 16. Qe3 {when Black has many
decent moves, like ...b5, ...f5 or simply ...Nc6 to take on f3 and then bring
the other knight to e6-d4.}) 15... f5 (15... b5 $1 {was a standard counterplay,
specially taking advantage of the hanging bishop on a3:} 16. cxb5 axb5 $11 {
[%cal Ga8a3]}) 16. h3 (16. exf5 $1 {was critical, trying to play against the
exposed black pawns} gxf5 (16... Nxd3 17. Qxd3 Bxe2 18. Qxe2 Nxf5 19. Nf3 $16)
17. f3 Bh5 18. g4 $3 {a strong hidden idea} fxg4 19. Ng3 Bf7 20. Bb1 Rad8 21.
fxg4 $40 {with a complex position. White has good attacking perspectives with
the bishop on b1 and the f5-square (Nf3 may be played as well, for Ng5 threats)
.}) 16... Bh5 17. Bb1 {Hitting on d6.} Bh6 18. Qxd6 $1 {A nice exchange
sacrifice by Naiditsch.} (18. Qxh6 $2 Bxe2 $17 {[%csl Rd1,Rf1]}) 18... Qxd6 19.
Rxd6 Bxe2 20. Bxc5 Rfc8 (20... Bxf1 {there is no rush to take the rook,
naturally} 21. Kxf1 {White is doing great here, with already a pawn for the
exchange and great piece coordination.} Rfc8 $1 22. Ba3 Bf8 23. Rd7 Nc6 24.
Bxf8 Rxf8 25. exf5 $44 {with an unclear endgame.}) 21. Ba3 Bf8 22. Rb6 $6 (22.
Rd7 $1 {would kind of transpose to the line with 20...Bxf1.}) 22... Rc7 $1 {
Threatening the decisive ...Nc8.} 23. Bxe7 Bxe7 24. exf5 $2 (24. Bd3 $1 Bxf1
25. Kxf1 $13 {with balanced chances.}) 24... gxf5 25. Bxf5 Rf8 $1 {Now Black
starts a strong offensive with the bishop pair.} 26. Be6+ Kh8 {...Bxf1
followed by ...Bc5 is threatened.} 27. b4 e4 28. Bd5 Bh4 $1 29. f3 {So far
Rapport has been playing superb chess, but now he takes some steps in the
wrong direction.} Bf6 (29... Bxc4 $1 $17 {was very strong, but there was a
difficult line to spot from beforehand (31...Bg3!)} 30. Bxc4 Rxc4 {Black
threatens the very annoying ...Rc1} 31. Re6 {threatening Rxe4} (31. fxe4 Rxf1+
32. Kxf1 Rc1 $17) (31. Kh2 {preparing g3} Rg8 $1 32. Re6 Rc1 33. Rxe4 Bg3+ 34.
Kg1 Rd8 {threatening the decisive ...Rdd1} 35. Rf2 Bxf2+ 36. Kxf2 Ra1 37. Re2
Rb1 $17 {looking like a win for Black in the long term}) 31... Bg3 $3 {maybe
this was missed - now White is paralysed} 32. Rxe4 $2 Rxe4 33. fxe4 Bh2+ $1 34.
Kxh2 Rxf1 $19 {and with so many open files, White is totally lost, even though
he has two pawns for the exchange.}) 30. Nc2 exf3 (30... Bd3 $5 {trying to
take the knight and playing ...Bd4+} 31. Rf2 $1 {forced} Bxc2 32. Rxf6 Rxf6 33.
Rxc2 exf3 34. gxf3 $13 {with a weird endgame once again.}) 31. Rxf3 Bxc4 $2 {
That is a very difficult decision to understand, Black simply chooses a
passive rook endgame with a pawn down, instead of at least winning the
exchange with 31...Bxf3.} (31... Bxf3 {was necessary, and the result is still
wide open} 32. gxf3 {with an unclear endgame.}) 32. Bxc4 Rxc4 33. Rbxf6 Rxf6
34. Rxf6 Rxc2 35. a4 $1 Rc4 (35... Kg7 36. Rb6 Rc7 {looks hopeless for Black
after White gradually expands his kingside along with his king} 37. Kf2 $18)
36. Rb6 a5 37. bxa5 Rxa4 38. Rb5 $18 {And Black can't do anything against the
activation of the white king. To make things worse, the black king can't go to
the 2nd rank because of Rxb7+.} Ra2 39. Kh2 Ra3 40. h4 h6 41. Rb6 $1 {Forcing
Black to resign, since either h6 will be exchanged with a5 (achieving a
technical win for White), or the b7-pawn will simply fall.} 1-0

[Event "Ljubljana"]
[Site "Ljubljana"]
[Date "1997.??.??"]
[Round "4"]
[White "Peptan, Corina Isabela"]
[Black "Soln, Primoz"]
[Result "1-0"]
[WhiteElo "2425"]
[BlackElo "2320"]
[Annotator "Mencinger,V"]
[PlyCount "81"]
[EventDate "1997.05.20"]
[EventType "tourn"]
[EventRounds "11"]
[EventCountry "SLO"]
[EventCategory "9"]
[SourceTitle "CBM 058 Extra"]
[Source "ChessBase"]
[SourceDate "1997.07.29"]
[SourceVersion "1"]
[SourceVersionDate "1997.07.29"]
[SourceQuality "1"]

1. e4 c5 2. Nf3 e6 3. d4 cxd4 4. Nxd4 a6 5. Bd3 g6 6. O-O Bg7 7. Be3 Nc6 8.
Nxc6 bxc6 9. Nc3 d6 10. Na4 Rb8 11. Qd2 Ne7 12. Rad1 O-O 13. Be2 d5 14. Ba7 $1
$16 Rb7 15. Bc5 Rb8 16. c4 Re8 17. b3 Qc7 18. Qe3 {[#]} f5 $2 (18... Bb7 19. f4
e5 20. Bb6 Qd6 $16) 19. exd5 exd5 20. cxd5 cxd5 21. Bf3 Be5 22. h3 (22. Rfe1 $1
Bxh2+ 23. Kh1 Bf4 24. Qxe7 Rxe7 25. Rxe7 Qd8 26. Bxd5+ $18) 22... Bb7 23. Rfe1
Nc6 24. Bxd5+ Kg7 25. Kh1 Rbc8 26. Nb6 f4 27. Qf3 Rcd8 28. Be4 (28. Nc4 $142
Rd7 29. Bb6 Qc8 30. Nxe5 $18) 28... Nd4 29. Bxd4 Bxd4 30. Nc4 $138 Bxf2 31.
Rxd8 Qxd8 32. Qxf2 Bxe4 33. Kh2 (33. Nd2 $142 $16 Qd5 34. Kh2 g5 35. Nxe4 Rxe4
36. Rxe4 Qxe4 37. Qa7+) 33... g5 $138 34. Qa7+ Re7 35. Qxa6 Qd3 36. Kg1 Qd4+
37. Kh2 Qf2 $4 (37... Qd3 38. Kg1 $11) 38. Rxe4 Rf7 39. Qa5 Qg3+ 40. Kg1 f3 41.
Qe5+ 1-0

[Event "Metz op 30th"]
[Site "Metz"]
[Date "2012.04.17"]
[Round "5"]
[White "Vaibhav, Suri"]
[Black "Korneev, Oleg"]
[Result "0-1"]
[WhiteElo "2494"]
[BlackElo "2597"]
[Annotator "Metz Alekhine/Primel,D"]
[PlyCount "84"]
[EventDate "2012.04.14"]
[EventType "swiss"]
[EventRounds "9"]
[EventCountry "FRA"]
[SourceTitle "EXT 2013"]
[Source "ChessBase"]
[SourceDate "2012.11.22"]
[SourceVersion "1"]
[SourceVersionDate "2012.11.22"]
[SourceQuality "1"]

1. e4 {01h30} c5 2. Nf3 e6 3. d4 cxd4 4. Nxd4 a6 5. Bd3 Bc5 6. Nb3 Be7 7. Qg4
g6 8. Qe2 d6 9. Nc3 (9. O-O) (9. c4) 9... Nd7 10. Bd2 {93 Une ligne secondaire}
Qc7 {91} (10... b5 11. a4 b4 12. Nd1 a5 13. O-O (13. c3) 13... Ngf6 {
Bluvshtein,M (2462)-Epishin,V (2635) Canadian op Kapuskasing 2004 (3) 1-0}) 11.
O-O-O $6 $146 {[%csl Rb3,Rd2] 90 Une nouveauté un peu douteuse notamment car
le Bd2 est habituellement bien placé si les Noirs jouent b5 rapidement afin de
répondre par a4 avec pression des Blancs а l'aile-dame mais après le OOO,
l'attaque Noire semble plus rapide. Au surplus, le Nb3 est souvent exposé face
а une marée de P} (11. O-O $142 b6 12. Rae1 Bb7 {Macieja,B (2629)-Markowski,T 
(2574) Bermuda-A 2003 (7) 1-0}) 11... b5 {88 Les Noirs ont déjà "l'adresse" du
K Blanc} 12. a3 {88 Un sérieux affaiblissemnt de l'aile-dame et les Noirs ont
déjà au minimum l'égalité.} (12. f4 Bb7 13. f5 Ngf6 14. fxe6 fxe6 15. Nd4 Nc5)
12... Bb7 {86} 13. Kb1 {87 L'indien suit toujours sa préparation maison} Ngf6 {
73 Joué après une longue réflexion car en général, les Noirs évitent ce coup
après avoir joué g6 а cause de Bh6 mais dans cette position, le Bd2 a déjà été
développé} 14. Bh6 {[%csl Rg7] 69 La réaction habituelle} Ne5 15. f4 Nc4 $36
16. Bxc4 {45} Qxc4 {45} (16... bxc4 {[%csl Rb2]} 17. Nd2 d5 18. exd5 Nxd5 19.
Nxd5 Bxd5 {[%cal Gc4c3]} 20. Ne4 Qb7 (20... Rb8 21. Rxd5) 21. Rhe1 O-O-O) 17.
Qxc4 bxc4 18. Na5 Nxe4 $3 {La pointe} 19. Nxb7 $2 (19. Bg7 $8 {[%cal Gg7c3,
Gg7h8]}) 19... Nxc3+ 20. bxc3 Rb8 $17 21. Ka2 Rxb7 {[%cal Ge8d7,Gh8b8] La
position Blanche est déjà trés critique avec une mauvaise finale et un K Blanc
trés mal placé} 22. Rb1 {Un triste nécessite car les Noirs menaçaient de
doubler les R sur la colonne "b" mais les échanges conduisent а une trés
mauvaise finale pour les Blancs} Rxb1 23. Rxb1 {[%csl Rh8][%cal Gb1b8]} Bf6 $36
{[%csl Gf6,Rh6][%cal Gf6h8,Gf6c3]} 24. Rb7 Bxc3 25. Kb1 f5 $1 26. Kc1 Kd8 27.
Ra7 a5 28. a4 Re8 $1 {[%cal Ge6e1]} 29. Rxh7 Rh8 $1 30. Bg5+ Kc8 31. Rxh8+ Bxh8
32. Bh4 {[%cal Gh4e1]} Bc3 {C'est probablement déjà gagnant pour les Noirs} 33.
Kd1 Kd7 34. Ke2 Kc6 35. Bf2 Kd5 {[%csl Gd5,Re2]} 36. Bb6 Ke4 37. Bc7 Bb4 38. g3
d5 39. Bd8 d4 $19 {[%cal Gd4d3]} 40. Bc7 d3+ 41. cxd3+ cxd3+ 42. Kf2 Bc3 0-1

[Event "Metz op 30th"]
[Site "Metz"]
[Date "2012.04.23"]
[Round "1"]
[White "Zozulia, Anna"]
[Black "Vorobiov, Evgeny E"]
[Result "0-1"]
[WhiteElo "2342"]
[BlackElo "2580"]
[Annotator "Metz Alekhine/Primel,D"]
[PlyCount "104"]
[EventDate "2012.04.14"]
[EventType "swiss"]
[EventRounds "9"]
[EventCountry "FRA"]
[SourceTitle "EXT 2013"]
[Source "ChessBase"]
[SourceDate "2012.11.22"]
[SourceVersion "1"]
[SourceVersionDate "2012.11.22"]
[SourceQuality "1"]

1. e4 c5 2. Nf3 e6 3. d4 cxd4 4. Nxd4 a6 5. Bd3 Bc5 6. Nb3 Be7 7. O-O (7. Qg4
g6) 7... d6 8. f4 Nd7 9. Qf3 (9. Nc3) 9... Ngf6 10. Bd2 {[%cal Ga2a4]} (10. Nc3
) (10. Be3 Qc7 11. c4 b6 12. Nc3 Bb7 13. a4 Nc5 14. Nxc5 bxc5 15. Qg3 g6 16.
Rae1 Rb8 17. Bc1 Bc6 18. e5 Nh5 19. Qf2 Ng7 20. f5 Nxf5 21. Bxf5 gxf5 22. exd6
Bxd6 23. Qxf5 Qe7 24. Qg4 Kd7 25. Nd5 Rbg8 26. Qh3 Bxd5 27. cxd5 Rg6 28. dxe6+
fxe6 29. Bf4 Bxf4 30. Rxf4 Rhg8 31. Qd3+ Kc7 32. g3 e5 33. Rfe4 Rd8 34. Qc3 Qd6
35. b4 Kc6 36. Rc4 e4 37. Rxc5+ Kb7 38. Rxe4 Rf6 39. Rce5 Rd7 {Tomczak,J (2539)
-Rublevsky,S (2678) Warsaw 2010 0-1}) 10... Qc7 11. Nc3 b5 (11... b6) 12. a4 (
12. e5 {Ce coup naturel n'est pas trop dangereux} Bb7 13. exd6 (13. Qg3 dxe5)
13... Bxd6 14. Ne4 Nxe4 15. Bxe4 Bxe4 16. Qxe4 Rc8 17. Bc3 O-O 18. Rad1 b4 19.
Bxg7 Kxg7 20. Qd4+) 12... b4 13. Nd1 d5 $146 {Une forte nouveauté} (13... Bb7
14. Nf2 a5 15. Rae1 e5 16. Ng4 Nxg4 17. Qxg4 Bf6 18. fxe5 Nxe5 19. Bb5+ Bc6 20.
Qe2 O-O 21. Bxc6 Qxc6 22. Nd4 Qc4 23. c3 Qxe2 24. Rxe2 Nc4 25. Nb5 b3 26. Bf4
Be5 27. Bxe5 dxe5 28. Ra1 Rfd8 29. Na3 Nb6 30. Nb5 Rac8 31. Ra3 Rd1+ 32. Kf2
Rc6 33. g3 Nc4 34. Rxb3 Rf6+ 35. Kg2 Nd2 36. Ra3 h5 37. c4 Nxc4 38. Rc3 Rd2 39.
Rxd2 Nxd2 40. Rc8+ Kh7 41. Rc2 Nf3 42. Rc3 Ne1+ 43. Kg1 {Diamant,A (2520)-Papp,
G (2558) Lubbock 2009 0-1 (75)}) 14. Nf2 (14. e5 Ne4 $132 15. Bxe4 dxe4 16.
Qxe4 Bb7 17. Qe3 Rc8 $44 {[%csl Gb7,Rc2,Ge7]}) 14... dxe4 15. Nxe4 Bb7 $132 16.
Kh1 O-O 17. c3 Nxe4 18. Bxe4 Bxe4 19. Qxe4 Nf6 $15 {[%csl Rb3,Rd2,Ge7,Gf6] Les
pièces Noires sont mieux placées} 20. Qf3 Rab8 $1 {[%csl Rb3][%cal Gb4c3,Gb8b3]
} 21. cxb4 Bxb4 22. Rac1 Qe7 (22... Qb7 $5 23. Qxb7 Rxb7 24. Bxb4 Rxb4 25. Nc5
Rxb2 26. Nxa6 Ra8 (26... h5 27. Ra1)) 23. Bxb4 Qxb4 24. Nc5 Qxb2 25. Nxa6 Rb3
26. Qf2 Qxf2 27. Rxf2 Ra3 {[%csl Ra4] La finale est difficile pour les Blancs}
28. Nc5 Rc8 29. Rfc2 Nd5 30. g3 h6 31. Kg1 Kh7 $1 32. Nd7 Rxc2 33. Rxc2 g5 34.
fxg5 hxg5 35. Nc5 Kg6 $17 {[%csl Ge6] Le GMI a un net avantage mais il doit
éviter l'échange des R car le P"a" est le pire ennemi en finale de N} 36. Kf2
Nc3 37. a5 Nd1+ 38. Ke2 Ne3 39. Rc1 Nd5 40. a6 Ra2+ 41. Kd3 $6 (41. Kf3) 41...
Nb4+ 42. Kc4 Nxa6 43. Nd7 Ra5 44. Rb1 Nc7 45. Rb7 Ne8 {[%cal Ge8d6]} 46. Kd4
Nd6 47. Nf8+ Kg7 48. Rb8 Rd5+ 49. Ke3 Nc4+ 50. Kf3 Ne5+ 51. Ke4 Ng4 52. h4 Nf6+
0-1